Normal view MARC view

Entry Personal Name

Number of records used in: 1

001 - CONTROL NUMBER

  • control field: 1532

003 - CONTROL NUMBER IDENTIFIER

  • control field: DLC

005 - DATE AND TIME OF LATEST TRANSACTION

  • control field: 20200125102551.0

008 - FIXED-LENGTH DATA ELEMENTS

  • fixed length control field: 980915n| acannaab| |n aaa |||

010 ## - LIBRARY OF CONGRESS CONTROL NUMBER

  • LC control number: n 98082564

040 ## - CATALOGING SOURCE

  • Original cataloging agency: DLC
  • Transcribing agency: DLC

100 10 - HEADING--PERSONAL NAME

  • Personal name: Marakas, George M.

670 ## - SOURCE DATA FOUND

  • Source citation: Decision support systems in the twenty-first century, 1998:
  • Information found: CIP t.p. (George M. Marakas, Kelley School of Business, Indiana University)

Powered by Koha